| 000 | 01074cad a22002655a 4500 | ||
|---|---|---|---|
| 001 | E153475 | ||
| 008 | 110801s2009 xxk f 000 0 eng d | ||
| 020 | 1 | _a9781842195284 | |
| 035 | _a(Sirsi) u153475 | ||
| 041 | 0 | _aeng | |
| 100 | 1 | _aWhite, Michael | |
| 245 | 0 | 0 |
_aModelling price movements in housing micro-markets _bpermanent and transitory components in local housing market dynamics _h[electronic resource] |
| 260 |
_aLondon _bRICS _c2009 |
||
| 490 | 0 | _aRICS Findings in Built and Rural Environments | |
| 520 | _aLooks at housing submarkets in Aberdeen to find out what factors affect the markets in the short and long term, and whether there are variations in prices at submarket level. | ||
| 521 | _aAdvanced | ||
| 590 | _aKA | ||
| 651 | 4 | _aAberdeen | |
| 690 | _aPROPERTY-RESIDENTIAL PROPERTY-DOMESTIC RESIDENTIAL PROPERTY-HOUSING | ||
| 700 | 1 | _aDunse, Neil | |
| 700 | 1 | _aWilson, Patrick | |
| 700 | 1 | _aZurbruegg, Ralf | |
| 856 | 4 | 0 |
_uhttps://www.rics.org/site/download_feed.aspx?fileID=5655&fileExtension=PDF _zBroken link - not available |
| 942 | _n0 | ||
| 999 |
_c112540 _d112540 |
||